| 000 -CABECERA |
| Longitud fija campo de control |
01051nam a2200325 a 4500 |
| 001 - NÚMERO DE CONTROL |
| Número de control |
991025908229706706 |
| 003 - IDENTIFICADOR DEL NÚMERO DE CONTROL |
| Identificador del número de control |
OSt |
| 005 - FECHA Y HORA DE LA ÚLTIMA TRANSACCIÓN |
| Fecha y hora de la última transacción |
20211203121539.0 |
| 008 - CÓDIGOS DE INFORMACIÓN DE LONGITUD FIJA |
| Códigos de información de longitud fija |
950901s1995 sp |||||| |00| ||spa|c |
| 020 ## - NÚMERO INTERNACIONAL NORMALIZADO PARA LIBROS |
| Número Internacional Normalizado para Libros (ISBN) |
8487524729 |
| 035 ## - NÚMERO DE CONTROL DEL SISTEMA |
| Número de control del sistema |
(ES-BaCBU)b16730987-34csuc_network |
| 035 ## - NÚMERO DE CONTROL DEL SISTEMA |
| Número de control del sistema |
(ES-BaCBU).b16730987 |
| 035 ## - NÚMERO DE CONTROL DEL SISTEMA |
| Número de control del sistema |
(ccuc001)b16730987 |
| 035 ## - NÚMERO DE CONTROL DEL SISTEMA |
| Número de control del sistema |
(OCoLC)802669621 |
| 040 ## - FUENTE DE LA CATALOGACIÓN |
| Centro catalogador de origen |
ES-BaCBU |
| Lengua de catalogación |
cat |
| Centro transcriptor |
CDMR |
| 080 ## - NÚMERO DE LA CLASIFICACIÓN DECIMAL UNIVERSAL |
| Número de la Clasificación Decimal Universal |
301.153.2:32 |
| 100 1# - PUNTO DE ACCESO PRINCIPAL-NOMBRE DE PERSONA |
| Nombre de persona |
Collon, Michel |
| 245 10 - MENCIÓN DE TÍTULO |
| Título |
¡Ojo con los media! / |
| Mención de responsabilidad, etc. |
Michel Collon ; traducción y adaptación Eva Sastre Forest |
| 250 ## - MENCIÓN DE EDICIÓN |
| Resto de la mención de edición |
2a edició |
| 260 ## - PUBLICACIÓN, DISTRIBUCIÓN, ETC. (PIE DE IMPRENTA) |
| Lugar de publicación, distribución, etc. |
Hondarribia : |
| Nombre del editor, distribuidor, etc. |
Argitaletxe Hiru, |
| Fecha de publicación, distribución, etc. |
1995 |
| 300 ## - DESCRIPCIÓN FÍSICA |
| Extensión |
372 p. ; |
| Dimensiones |
18 cm |
| 500 ## - NOTA GENERAL |
| Nota general |
Síntesi del llibre: Attention médias! |
| 650 04 - PUNTO DE ACCESO ADICIONAL DE MATERIA - TÉRMINO DE MATERIA |
| Término de materia o nombre geográfico como elemento inicial |
Premsa |
| Subdivisión de materia general |
Manipulació |
| 650 00 - PUNTO DE ACCESO ADICIONAL DE MATERIA - TÉRMINO DE MATERIA |
| Término de materia o nombre geográfico como elemento inicial |
Mitjans de comunicació de massa |
| Subdivisión de materia general |
Manipulació |
| 9 (RLIN) |
3243 |
| 740 0# - PUNTO DE ACCESO ADICIONAL - TÍTULO RELACIONADO O ANALÍTICO NO CONTROLADO |
| Título relacionado o analítico no controlado |
Attention médias! |
| 830 #0 - PUNTO DE ACCESO ADICIONAL DE SERIE - TÍTULO UNIFORME |
| Título uniforme |
Informe (Argitaletxe Hiru) |
| 907 ## - ELEMENTO G DATOS LOCALES, GDL (RLIN) |
| a |
.b16730987 |
| b |
29-10-20 |
| c |
07-05-08 |
| d |
01-09-95 |
| e |
m |
| f |
a |
| g |
- |
| h |
spa |
| i |
sp |
| j |
0 |
| k |
3 |
| 908 ## - CONTROL DE PARÁMETROS (RLIN) |
| Parametro de comando lanzado |
UAB |
| -- |
UdL |
| -- |
UPF |
| 942 ## - ENTRADA DE ELEMENTOS AGREGADOS (KOHA) |
| Fuente de clasificaión o esquema |
|
| Koha [por defecto] tipo de item |
Monografies |